Isten az élőké

Bibliographic Details
Main Author: Mics, Imre (Author)
Format: Article
Language:Hungarian
Subjects:

MARC

LEADER 00000nab a2200000 a 4500
001 vtls000487830
003 SK-MaSNL
005 20260319074120.0
008 120927c1992 xo 0 hun
015 |a SNBRB19rr/mm-uuuuu 
035 |a CL0487967 
040 |a SNKBUCL  |b slo  |c SNKBUCL  |e AACR2 
041 0 |a hun 
044 |a xo  |c SK 
080 |a 232.9  |2 1981 
100 1 |a Mics, Imre  |4 aut  |9 889270 
245 1 0 |a Isten az élőké  |c Imre Mics 
650 0 7 |a Ježiš Kristus  |2 snkbucl  |9 600344 
655 7 |a články z novín a časopisov  |2 snkbucl  |9 267496 
773 0 |t Remény  |g Roč. 3, č. 45 (1992), s. 1 
850 |a Slovenská národná knižnica v Martine  |a MTA001 
852 |a SNK  |b KIS3GCP 
958 |a RK 
992 |a RBX 
999 |c 1576816  |d 1578746